LEADER 01469nam a2200337 u 4500 001 000000073981 003 CaOOAMICUS 005 20150622162444.0 008 021128s1990 it u000 u ita u 020 $a8801120028 035 $a10946250 040 $aPUL$bita 245 10$aEsperienze di catechesi degli adulti in Italia oggi /$ca cura di Lucio Soravito. 260 $aTorino :$bElle Di Ci,$cc1990. 300 $a147 p.$c20 cm 490 1 $aPastorale e catechesi 500 $aIn testa al front. : "Ufficio Catechistico Nazionale". 650 4$aCatechesi$zItalia.$0(OLS)http://pul/subject/25930 700 1 $aSoravito, Lucio.$0(OLS)http://pul/name/49010 710 1 $aUfficio Catechistico Nazionale.$0(OLS)http://pul/name/49011 830 0$aPastorale e catechesi.$0(OLS)http://pul/title/65245 850 $aPUL 852 $aPUL$W1$xDP1 Fondo S. Lanza$y121$m3 C 20$j41165$qFondi$B166928$CPULBib$Z2$F166928 $HLAN1570 $82 852 $aPUL$W1$xSL Religione 2$y84$mRH E1 57$j95524$nBK-PRI$b $qStampati altre collocazioni$B95524$CPULBib$Z2$F95524 $H $81 941 1 $a10 941 1 $a1 961 $aINV: 69178 961 $aNota ms. di possesso: Sergio Lanza 996 $6020$a8801120028$9(OLS)http://pul/number/95627 996 $6245$aEsperienze di catechesi degli adulti in Italia oggi$9(OLS)http://pul/title/97229 996 $6260$aTorino :$bElle Di Ci$9(OLS)http://pul/publisher/51232 LEADER 01326cam a22003014a 4500 001 000000104686 003 CaOOAMICUS 005 20230626161124.0 008 070424s2007 it b 001 0 ita c 020 $a88-080-7871-X (V.2.1)* 032 $aLibriCat 040 $aItFiC$b $cItFiC$dCStRLIN$dNNU-L$dDLC$dPUL$dLDA 100 1 $aFiandaca, Giovanni,$d1947-$0(OLS)http://pul/name/64291 245 10$aDiritto penale :$b(parte generale) /$cGiovanni Fiandaca, Enzo Musco. 250 $a5a ed. 260 $aBologna :$bZanichelli,$cc.2007. 300 $axxxviii, 882 p. ;$c25 cm. 504 $aInclude riferimenti bibliografici ed indice analitico 650 04$aDiritto penale$zItalia.$0(OLS)http://pul/subject/10217 650 04$aDiritto penale$zItalia$vManuali.$0(OLS)http://pul/subject/8081 700 1 $aMusco, Enzo,$d1944-$0(OLS)http://pul/name/64292 850 $aPUL 852 $aPUL$W1$xDP2 Diritto e Scienze Sociali 3$y110$m345. 45 FIAGI 1$j117248$bPt generale (5 ed.)$qDDC 21$B117208$CPULBib$Z2$F117208 $H104230 $82 941 1 $a9 996 $6020$a88-080-7871-X (V.2.1)*$9(OLS)http://pul/number/134098 996 $6245$aDiritto penale :$b(parte generale)$9(OLS)http://pul/title/51623 996 $6260$aBologna :$bZanichelli$9(OLS)http://pul/publisher/48255